<?xml version="1.0" encoding="UTF-8"?>
<record
    xmlns:xsi="http://www.w3.org/2001/XMLSchema-instance"
    xsi:schemaLocation="http://www.loc.gov/MARC21/slim http://www.loc.gov/standards/marcxml/schema/MARC21slim.xsd"
    xmlns="http://www.loc.gov/MARC21/slim">

  <leader>00623nam a22001937a 4500</leader>
  <controlfield tag="003">SEM</controlfield>
  <datafield tag="999" ind1=" " ind2=" ">
    <subfield code="c">50857</subfield>
    <subfield code="d">50857</subfield>
  </datafield>
  <controlfield tag="005">20220608071907.0</controlfield>
  <controlfield tag="008">220421s           ||||gr|||||001 0 arm|d</controlfield>
  <datafield tag="040" ind1=" " ind2=" ">
    <subfield code="a">SEM</subfield>
    <subfield code="c">SEM</subfield>
  </datafield>
  <datafield tag="041" ind1=" " ind2=" ">
    <subfield code="a">arm</subfield>
  </datafield>
  <datafield tag="080" ind1=" " ind2=" ">
    <subfield code="a">347.67/&#x54D;-19</subfield>
  </datafield>
  <datafield tag="245" ind1=" " ind2=" ">
    <subfield code="a">&#x540;&#x561;&#x576;&#x563;&#x578;&#x582;&#x581;&#x565;&#x561;&#x56C; &#x544;&#x56F;&#x580;&#x57F;&#x56B;&#x579; &#x54D;&#x561;&#x576;&#x561;&#x57D;&#x561;&#x580;&#x565;&#x561;&#x576;&#x56B; &#x56F;&#x57F;&#x561;&#x56F;&#x56B; &#x563;&#x578;&#x580;&#x56E;&#x561;&#x564;&#x580;&#x578;&#x582;&#x569;&#x56B;&#x582;&#x576;&#x568; /</subfield>
  </datafield>
  <datafield tag="246" ind1=" " ind2=" ">
    <subfield code="a">[&#x540;&#x561;&#x576;&#x563;&#x578;&#x582;&#x581;&#x575;&#x561;&#x56C; &#x544;&#x56F;&#x580;&#x57F;&#x56B;&#x579; &#x54D;&#x561;&#x576;&#x561;&#x57D;&#x561;&#x580;&#x575;&#x561;&#x576;&#x56B; &#x56F;&#x57F;&#x561;&#x56F;&#x56B; &#x563;&#x578;&#x580;&#x56E;&#x561;&#x564;&#x580;&#x578;&#x582;&#x569;&#x575;&#x578;&#x582;&#x576;&#x568;] /</subfield>
  </datafield>
  <datafield tag="260" ind1=" " ind2=" ">
    <subfield code="a">&#x561;. &#x57F;.:</subfield>
    <subfield code="b">&#x561;. &#x570;.,</subfield>
    <subfield code="c">&#x561;. &#x569;.</subfield>
  </datafield>
  <datafield tag="300" ind1=" " ind2=" ">
    <subfield code="a">36 &#x567;&#x57B; ;</subfield>
    <subfield code="b">&#x561;&#x572;&#x575;. ;</subfield>
    <subfield code="c">22 &#x57D;&#x574;</subfield>
  </datafield>
  <datafield tag="650" ind1=" " ind2=" ">
    <subfield code="a">&#x53F;&#x57F;&#x561;&#x56F;</subfield>
  </datafield>
  <datafield tag="653" ind1=" " ind2=" ">
    <subfield code="a">&#x54D;&#x537;&#x544;</subfield>
  </datafield>
  <datafield tag="942" ind1=" " ind2=" ">
    <subfield code="2">udc</subfield>
    <subfield code="c">BK</subfield>
  </datafield>
  <datafield tag="952" ind1=" " ind2=" ">
    <subfield code="0">0</subfield>
    <subfield code="1">0</subfield>
    <subfield code="2">udc</subfield>
    <subfield code="4">0</subfield>
    <subfield code="7">0</subfield>
    <subfield code="8">&#x533;&#x580;&#x561;&#x57A;&#x561;&#x570;&#x578;&#x581;</subfield>
    <subfield code="a">SEM</subfield>
    <subfield code="b">SEM</subfield>
    <subfield code="d">2022-04-21</subfield>
    <subfield code="g">300.00</subfield>
    <subfield code="i">20263</subfield>
    <subfield code="l">0</subfield>
    <subfield code="o">347.67/&#x54D;-19</subfield>
    <subfield code="p">20263</subfield>
    <subfield code="r">2014-11-16</subfield>
    <subfield code="w">2014-11-16</subfield>
    <subfield code="y">BK</subfield>
    <subfield code="z">&#x54D;&#x57A;&#x561;&#x57D;&#x561;&#x580;&#x56F;&#x57E;&#x578;&#x582;&#x574; &#x567; &#x568;&#x576;&#x569;&#x565;&#x580;&#x581;&#x561;&#x57D;&#x580;&#x561;&#x570;</subfield>
  </datafield>
</record>
